<?xml version="1.0" encoding="UTF-8"?>
<record
    xmlns:xsi="http://www.w3.org/2001/XMLSchema-instance"
    xsi:schemaLocation="http://www.loc.gov/MARC21/slim http://www.loc.gov/standards/marcxml/schema/MARC21slim.xsd"
    xmlns="http://www.loc.gov/MARC21/slim">

  <leader>00937nam a2200241 a 4500</leader>
  <controlfield tag="001">40647</controlfield>
  <controlfield tag="003">BD-RjUL</controlfield>
  <controlfield tag="005">20211209053247.0</controlfield>
  <controlfield tag="008">160507s1965    bg ||||| b||| 00| 0 ben d</controlfield>
  <datafield tag="020" ind1=" " ind2=" ">
    <subfield code="c">: PRs. 2.00</subfield>
  </datafield>
  <datafield tag="035" ind1=" " ind2=" ">
    <subfield code="a">(BD-RjUL)40762</subfield>
  </datafield>
  <datafield tag="040" ind1=" " ind2=" ">
    <subfield code="a">BD-RjUL</subfield>
    <subfield code="b">ben</subfield>
    <subfield code="c">BD-RjUL</subfield>
  </datafield>
  <datafield tag="041" ind1=" " ind2=" ">
    <subfield code="a">ben</subfield>
  </datafield>
  <datafield tag="082" ind1=" " ind2=" ">
    <subfield code="2">23</subfield>
    <subfield code="a">297.4092</subfield>
    <subfield code="b">ROP 1965</subfield>
  </datafield>
  <datafield tag="100" ind1=" " ind2=" ">
    <subfield code="a">&#x9B0;&#x9B6;&#x9C0;&#x9A6;, &#x986; . &#x9A8; . &#x9AE; .&#x9AC;&#x99C;&#x9B2;&#x9C1;&#x9B0;</subfield>
    <subfield code="9">125074</subfield>
  </datafield>
  <datafield tag="245" ind1="1" ind2="0">
    <subfield code="a">&#x9AA;&#x9BE;&#x995;&#x9BF;&#x9B8;&#x9CD;&#x9A5;&#x9BE;&#x9A8;&#x9C7;&#x9B0; &#x9B8;&#x9C2;&#x9AB;&#x9C0;-&#x9B8;&#x9BE;&#x9A7;&#x995; /</subfield>
    <subfield code="c">&#x986; . &#x9A8; . &#x9AE; .&#x9AC;&#x99C;&#x9B2;&#x9C1;&#x9B0; &#x9B0;&#x9B6;&#x9C0;&#x9A6;</subfield>
  </datafield>
  <datafield tag="260" ind1=" " ind2=" ">
    <subfield code="a">&#x9A2;&#x9BE;&#x995;&#x9BE; :</subfield>
    <subfield code="b">&#x99C;&#x9BE;&#x9A4;&#x9C0;&#x9AF;&#x9BC; &#x9AA;&#x9C2;&#x9A8;&#x9B0;&#x9CD;&#x997;&#x9A0;&#x9A8; &#x9B8;&#x982;&#x9B8;&#x9CD;&#x9A5;&#x9BE;,</subfield>
    <subfield code="c">&#x9E7;&#x9EF;&#x9EC;&#x9EB;</subfield>
  </datafield>
  <datafield tag="300" ind1=" " ind2=" ">
    <subfield code="a">[&#x9EE;], &#x9E7;&#x9EC;&#x9EE; &#x9AA;&#x9C3;. ;</subfield>
    <subfield code="c">&#x9E8;&#x9E7; &#x9B8;&#x9C7;&#x9AE;&#x9BF;.</subfield>
  </datafield>
  <datafield tag="504" ind1=" " ind2=" ">
    <subfield code="a">&#x997;&#x9CD;&#x9B0;&#x9A8;&#x9CD;&#x9A5;&#x9AA;&#x99E;&#x9CD;&#x99C;&#x9C0; &#x9B8;&#x982;&#x9AF;&#x9C1;&#x995;&#x9CD;&#x9A4; &#x964;</subfield>
  </datafield>
  <datafield tag="650" ind1=" " ind2=" ">
    <subfield code="a">&#x9B8;&#x9C2;&#x9AB;&#x9C0;</subfield>
    <subfield code="z">&#x9AA;&#x9BE;&#x995;&#x9BF;&#x9B8;&#x9CD;&#x9A5;&#x9BE;&#x9A8;</subfield>
    <subfield code="9">125075</subfield>
    <subfield code="v">&#x99C;&#x9C0;&#x9AC;&#x9A8;&#x9C0;</subfield>
  </datafield>
  <datafield tag="650" ind1=" " ind2=" ">
    <subfield code="a">Sufis</subfield>
    <subfield code="z">Pakistan </subfield>
    <subfield code="9">125076</subfield>
    <subfield code="v">Biography</subfield>
  </datafield>
  <datafield tag="942" ind1=" " ind2=" ">
    <subfield code="2">ddc</subfield>
    <subfield code="c">BK</subfield>
  </datafield>
  <datafield tag="999" ind1=" " ind2=" ">
    <subfield code="c">40647</subfield>
    <subfield code="d">40647</subfield>
  </datafield>
  <datafield tag="952" ind1=" " ind2=" ">
    <subfield code="0">0</subfield>
    <subfield code="1">0</subfield>
    <subfield code="2">ddc</subfield>
    <subfield code="4">0</subfield>
    <subfield code="7">0</subfield>
    <subfield code="8">NFIC</subfield>
    <subfield code="a">RUCL</subfield>
    <subfield code="b">RUCL</subfield>
    <subfield code="c">Stack</subfield>
    <subfield code="d">1967-02-08</subfield>
    <subfield code="e">Nawroge</subfield>
    <subfield code="g">2.00</subfield>
    <subfield code="l">0</subfield>
    <subfield code="o">B 297.4092 ROP 1965</subfield>
    <subfield code="r">2016-05-07 00:00:00</subfield>
    <subfield code="t">C-2</subfield>
    <subfield code="w">2016-05-07</subfield>
    <subfield code="y">BK</subfield>
  </datafield>
</record>
